Click the Correct Country by Leader - Statistics

General Stats
  • This quiz has been taken 523 times
  • The average score is 16 of 20
Answer Stats
Hint Answer % Correct
Vladimir Putin Russia
99%
Joe Biden United States
99%
Justin Trudeau Canada
95%
Kim Jong-un North Korea
95%
Volodymyr Zelensky Ukraine
95%
Emmanuel Macron France
94%
Xi Jinping China
93%
Fumio Kishida Japan
88%
King Salman Saudi Arabia
85%
Sergio Mattarella Italy
80%
Recep Tayyip Erdogan Turkey
80%
Rishi Sunak United Kingdom
80%
Olaf Scholtz Germany
79%
Narendra Modi India
76%
Jair Bolsonaro Brazil
74%
Nicolas Maduro Venezuela
72%
Jacinda Ardern New Zealand
69%
Anthony Albanese Australia
67%
Sanna Marin Finland
64%
Yair Lapid Israel
63%
No matching quizzes found
Score Distribution
Percent of People with Each Score
Percentile by Number Answered
Your Score History
You have not taken this quiz